Datum a čas kvízu
31.5
Celkem bodů
Celkový počet nahraných bodů na tomto kvízu bez doplňovacích otázek.
8.
Pořadí na kvízu
Konečné umístění týmu na tomto kvízu.
Zaznamenané odpovědi
| # | Otázka | Odpověď | Body | Výsledky |
|---|---|---|---|---|
| 1. | Od minulého čtvrtka až do 23.... | Kosmova kronika | 0 | |
| 2. | Polák Andrzej Bargiel je po ce... | Mount Everest | 1 | |
| 3. | Menší studio Voodoo Kollektiv... | Jiří Kára | 1 | |
| 4. | Do Česka přichází nový módní ř... | z Japonska | 1 | |
| 5. | Jak se jmenuje nový držitel pr... | Ousmane Dembélé | 1 | |
| 6. | Gesto, které vidíme na obrázku... | 1B 2D 3C 4A | 0 | |
| 7. | Gesto na obrázku znamená v mno... | o stoletou válku | 0 | |
| 8. | Sheldon Cooper v Teorii velkéh... | papír a tapír (ještěr) | 1 | |
| 9. | Která dvě písmena české dvouru... | B, N | 0.5 | |
| 10. | Na výřezu z obrazu francouzské... | paroháč (že je mu žena nevěrná) | 1 |